000 00576nam a22001817a 4500
005 20231121101716.0
008 231121b |||||||| |||| 00| 0 eng d
020 _a040905044 X
041 _aEnglish
082 _a342.8 RAU
100 _aRautenbach, IM
_lEnglish
245 _aGeneral provisions of the South African bill of rights /
_cIM Rautenbach
250 _aFirst Edition
260 _aDurban :
_bButterworth Publishers (Pty) Ltd,
_c1994
300 _bix, 180 pages ;
_c25 cm.
650 _aLegal practice
_bLaw
942 _cBK
_6ALISON_BN_VRIES
999 _c834
_d834